| 000 | 01639nam a22004457a 4500 | ||
|---|---|---|---|
| 003 | OSt | ||
| 005 | 20230622105629.0 | ||
| 008 | 221006b |||||||| |||| 00| 0 eng d | ||
| 040 | _cBiblioteca Lado V | ||
| 082 |
_a709.05 _bG851a |
||
| 100 |
_9855 _aGriffin, Tim _eeditor |
||
| 245 |
_aArtforum/ _bInternacional/ |
||
| 260 |
_aNew York _c1985 _bNew York editorial and business offices |
||
| 300 |
_c26.5x27cm _a126p. |
||
| 366 | _eeng | ||
| 490 |
_aSUMMER _v1985 _x0864-1315 |
||
| 505 | _tLETTERS | ||
| 505 | _tA THE WHITNEY BIENNIAL | ||
| 505 | _tTHE MARKETPLACE, BY LUCAS SAMARAS | ||
| 505 | _tFROM INSIDE THE WHALE, BY MICHAEL NEWMAN | ||
| 505 | _tKITSCH IN CUBA, BY EVA SPERLING COCKCROFT | ||
| 505 | _tI THINK THEREFORE I ART, BY THOMAS McEVILLY | ||
| 505 | _tFAREWELL TO MARC CHAGALL, BY ANDRE VERDET | ||
| 505 | _tAN ART OF REGRET, BY RENE RICARD | ||
| 505 | _tROSENQUIST'S ROUGE, BY CARTER RATCLIFF | ||
| 505 | _tFROM SAM COOKE IN HEAVEN, BY GREIL MARCUS | ||
| 505 | _tBOOKS | ||
| 505 | _tTILTED ARC HEARING | ||
| 505 | _tFORUM | ||
| 505 | _tREVIEWS | ||
| 650 |
_2Tesauro de Arte & Arquitectura _aARTE COMTEMPORANEO _9703 |
||
| 650 |
_2Tesauro de Arte & Arquitectura _aFOTOGRAFIA _9702 |
||
| 650 |
_2Tesauro de Arte & Arquitectura _aARTE VISUAL _9702 |
||
| 650 |
_2Tesauro de Arte & Arquitectura _aLIBROS |
||
| 650 |
_2Tesauro de Arte & Arquitectura _aNOTICIAS |
||
| 650 |
_2 Tesauro de Arte & Arquitectura _aARTE INTERNACIONAL |
||
| 650 |
_2 Tesauro de Arte & Arquitectura _aESCULTURA |
||
| 700 |
_aNavarreta, Jose Antonio _eeditor |
||
| 942 |
_2ddc _c1 _h709.05 _iG851a _n0 |
||
| 999 |
_c3925 _d3925 |
||